|
|
|
|
| LEADER |
00000nab a2200000 a 4500 |
| 001 |
vtls000700639 |
| 003 |
SK-MaSNL |
| 005 |
20260304215616.0 |
| 008 |
250429c1999 xo 0 slo |
| 015 |
|
|
|a SNBRB1999/09-21583
|
| 035 |
|
|
|a CLN000052806
|
| 035 |
|
|
|a urn:nbn:sk:snk-abbssd
|
| 035 |
|
|
|a (urnnbn)urn:nbn:sk:snk:ar-000wmu
|
| 035 |
|
|
|a (uuid)1bf85557-0d0d-41e0-8c37-4108f03cb826
|
| 040 |
|
|
|a SNKBUCL
|b slo
|c SNKBUCL
|e AACR2
|
| 041 |
0 |
|
|a slo
|
| 044 |
|
|
|a xo
|c SK
|
| 080 |
|
|
|a 681.518:519.816:620.9
|2 1997
|
| 080 |
|
|
|a 519.816
|2 1997
|
| 080 |
|
|
|a 620.9
|2 1997
|
| 080 |
|
|
|a 658.26
|2 1997
|
| 100 |
1 |
|
|a Kohányi, František
|4 aut
|9 810937
|
| 245 |
1 |
0 |
|a Systémy na podporu rozhodovania v energetike
|n (2)
|c František Kohányi, Iveta Zolotová, Peter Tóth
|
| 300 |
|
|
|b Obr.
|
| 504 |
|
|
|a Bibliogr. odkazy
|
| 650 |
0 |
7 |
|a rozhodovanie
|x energetika
|x systémy riadiace a informačné
|2 snkbucl
|9 1550456
|
| 650 |
0 |
7 |
|a energetika
|2 snkbucl
|9 3680
|
| 650 |
0 |
7 |
|a dispečing
|2 snkbucl
|9 532019
|
| 655 |
|
7 |
|a články z novín a časopisov
|2 snkbucl
|9 267496
|
| 700 |
1 |
|
|a Zolotová, Iveta,
|d 1959-
|4 aut
|9 110448
|
| 700 |
1 |
|
|a Tóth, Peter
|4 aut
|
| 773 |
0 |
|
|t AT&P journal
|g Roč. 6, č. 2 (1999), s. 20-21
|x 1335-2237
|
| 850 |
|
|
|a Slovenská národná knižnica
|
| 852 |
|
|
|a Slovenská národná knižnica
|
| 954 |
|
|
|a odborná, vedecká literatúra pôvodná (slovenská)
|2 lita
|
| 958 |
|
|
|a article15
|
| 958 |
|
|
|a OND
|
| 958 |
|
|
|a NB
|
| 958 |
|
|
|a EUIPO
|
| 992 |
|
|
|a RBX
|
| 999 |
|
|
|c 3147397
|d 3149327
|